Az igazságügyi miniszter szervezési jogosultságai a dualizmus-kori esküdtbíráskodásban

During the 19th century, the propagation of the idea of the national sovereignty had the European states make a demand to vindicate the participation of the people in the judicial power, besides the legislative and the executive. Hence, the European countries introduced the jury trial into their cri...

Teljes leírás

Elmentve itt :
Bibliográfiai részletek
Szerző: Czifra Botond
Dokumentumtípus: Könyv része
Megjelent: Szegedi Tudományegyetem Móra Ferenc Szakkollégium Szeged 2025
Sorozat:Móra Akadémia 14
Móra Akadémia : szakkollégiumi tanulmánykötet 14. 14
Kulcsszavak:Esküdtbíróság - Magyarország - története - 19. sz., Jogtörténet - Magyarország - 19. sz.
Tárgyszavak:
Online Access:http://acta.bibl.u-szeged.hu/88339
LEADER 02212naa a2200241 i 4500
001 acta88339
005 20250808145648.0
008 250808s2025 hu o 000 hun d
022 |a 2064-809X 
040 |a SZTE Egyetemi Kiadványok Repozitórium  |b hun 
041 |a hun 
041 |a eng 
100 1 |a Czifra Botond 
245 1 3 |a Az igazságügyi miniszter szervezési jogosultságai a dualizmus-kori esküdtbíráskodásban  |h [elektronikus dokumentum] /  |c  Czifra Botond 
260 |a Szegedi Tudományegyetem Móra Ferenc Szakkollégium  |b Szeged  |c 2025 
300 |a 13-21 
490 0 |a Móra Akadémia  |v 14 
490 0 |a Móra Akadémia : szakkollégiumi tanulmánykötet 14.  |v 14 
520 3 |a During the 19th century, the propagation of the idea of the national sovereignty had the European states make a demand to vindicate the participation of the people in the judicial power, besides the legislative and the executive. Hence, the European countries introduced the jury trial into their criminal procedure one afer the other. Te organisation of the jury trials burdened the states by new tasks. Te Act on the Jury Trials dedicated a signifcative role to the Minister of Justice in the organisation: the paper would have given the Minister of Justice three rights and three obligations. His planned administrative rights triggered heavy debates in the Parliament. In my study, I present why did the deputies object the institution of the jury trial, the rights of the Minister of Justice or his obligations by analyzing these debates. I strive to evaluate these critics in contrast to the Hungarian historical constitution, and to separate the veritable worries and the political attacks. I try to get the technical, necessary obligations of the Minister of Justice apart from the formal guarantees that are potentially disquieting in their substance. I attempt to point out the contemporary relevance of the subject. 
650 4 |a Bölcsészettudományok 
650 4 |a Történettudomány és régészet 
695 |a Esküdtbíróság - Magyarország - története - 19. sz., Jogtörténet - Magyarország - 19. sz. 
856 4 0 |u http://acta.bibl.u-szeged.hu/88339/1/moraakademia_014_013-021.pdf  |z Dokumentum-elérés